The Law of Banks / (Record no. 613423)
[ view plain ]
| 000 -LEADER | |
|---|---|
| fixed length control field | 00399nam a22001457a 4500 |
| 082 ## - DEWEY DECIMAL CLASSIFICATION NUMBER | |
| Classification number | 346.082 |
| Author Mark | MAH |
| 100 ## - MAIN ENTRY--PERSONAL NAME | |
| Personal name | Mahmood, Shaukat |
| 245 ## - TITLE STATEMENT | |
| Title | The Law of Banks / |
| Statement of responsibility, etc. | Shaukat Mahmood and Nadeem Shaukat |
| 250 ## - EDITION STATEMENT | |
| Edition statement | 13th Revised Edition. |
| 260 ## - PUBLICATION, DISTRIBUTION, ETC. | |
| Place of publication, distribution, etc. | Lahore : |
| Name of publisher, distributor, etc. | Legal Research Centre, |
| Date of publication, distribution, etc. | 2023. |
| 300 ## - PHYSICAL DESCRIPTION | |
| Extent | 1184 p. |
| 563 ## - BINDING INFORMATION | |
| Binding note | HB. |
| 650 ## - SUBJECT ADDED ENTRY--TOPICAL TERM | |
| Topical term or geographic name entry element | Law, The Law of Banks |
| 942 ## - ADDED ENTRY ELEMENTS (KOHA) | |
| Source of classification or shelving scheme | |
| Koha item type | Book |
| 650 ## - SUBJECT ADDED ENTRY--TOPICAL TERM | |
| -- | 128476 |
| Withdrawn status | Lost status | Source of classification or shelving scheme | Damaged status | Not for loan | Permanent Location | Current Location | Date acquired | Total Checkouts | Full call number | Barcode | Date last seen | Price effective from | Koha item type | Source of acquisition |
|---|---|---|---|---|---|---|---|---|---|---|---|---|---|---|
| NUST Law School (NLS) | NUST Law School (NLS) | 03/19/2025 | 346.082 MAH | NLS-1517 | 03/19/2025 | 03/19/2025 | Book | |||||||
| NUST Law School (NLS) | NUST Law School (NLS) | 06/26/2025 | 346.082 MAH | NLS-2050 | 06/26/2025 | 06/26/2025 | Book | Pakistan Law House | ||||||
| NUST Law School (NLS) | NUST Law School (NLS) | 06/26/2025 | 346.082 MAH | NLS-2051 | 06/26/2025 | 06/26/2025 | Book | Pakistan Law House | ||||||
| NUST Law School (NLS) | NUST Law School (NLS) | 06/26/2025 | 346.082 MAH | NLS-2052 | 06/26/2025 | 06/26/2025 | Book | Pakistan Law House | ||||||
| NUST Law School (NLS) | NUST Law School (NLS) | 06/26/2025 | 346.082 MAH | NLS-2053 | 06/26/2025 | 06/26/2025 | Book | Pakistan Law House |
